| 000 | 00561nam a2200181 a 4500 | ||
|---|---|---|---|
| 005 | 20240420064041.0 | ||
| 008 | 130930s2011 mx r 000 0 spa d | ||
| 020 | 9 | _a9789264059993 | |
| 035 | _aUPN01000193272 | ||
| 049 | _aCG | ||
| 050 | 4 |
_aLB2822.75 _bE8.7 |
|
| 245 | 0 | 0 |
_aEstablecimiento de un marco para la evaluación e incentivos docentes : _bconsideraciones para México. |
| 260 |
_aParís : _bOCDE, _c2011. |
||
| 300 |
_a129 p. : _bil. |
||
| 650 | 4 |
_aEvaluación educativa _zMéxico _95996 |
|
| 650 | 4 |
_aCalidad de la educación _94684 |
|
| 905 | _aLibro | ||
| 999 |
_c165373 _d165373 |
||